LEADER 01349cam0-22005171i-450- 001 990003177910403321 005 20130404104516.0 035 $a000317791 035 $aFED01000317791 035 $a(Aleph)000317791FED01 035 $a000317791 100 $a20030910d1967----km-y0itay50------ba 101 1 $aita 102 $aIT 105 $aa-------001yy 200 1 $a<>reddito nazionale$fCharles L. Schultze 210 $aBologna$cil Mulino$dc1967 215 $a186 p.$cill.$d21 cm 225 1 $a<>nuova scienza$iFondamenti di economia 454 0$1001000313984 610 0 $aReddito nazionale 610 0 $aReddito nazionale 610 0 $aEconomia 676 $a339 676 $aF/2.1 676 $a050.020 700 1$aSchultze,$bCharles Louis$0373618 801 0$aIT$bUNINA$gRICA$2UNIMARC 901 $aBK 912 $a990003177910403321 952 $aF/2.1 SCH$b1613/I$fSES 952 $aC 551$bs.i.$fDSS 952 $aXV G 39$b369$fDTE 952 $a050.020.SCH$b3052$fDECGE 952 $a9-1-5-TI$b3220$fECA 952 $a17-361-TB$bTB$fECA 952 $aSCH339A$bB041033$fDECBC 952 $aISVE H6/20$b627$fDECTS 959 $aSES 959 $aDTE 959 $aDECGE 959 $aECA 959 $aDECBC 959 $aDECTS 996 $aReddito nazionale$9107002 997 $aUNINA LEADER 00842nam0-2200301---450- 001 990008796450403321 005 20090122122613.0 035 $a000879645 035 $aFED01000879645 035 $a(Aleph)000879645FED01 035 $a000879645 100 $a20090122d--------km-y0itay50------ba 101 1 $aita 102 $aIT 105 $a--------001yy 200 1 $aStoria, psicologia, psicoanalisi$emetodologie a confronto$fAnna Lisa Carlotti 210 $aMilano$cF. Angeli$d1984 215 $a331 p.$d22 cm 225 1 $aCollana di psicologia politica$v6 676 $a287$v19 700 1$aCarlotti,$bAnna Lisa$0483734 801 0$aIT$bUNINA$gRICA$2UNIMARC 901 $aBK 912 $a990008796450403321 952 $aC 1/7$b104$fDMNUP 959 $aDMNUP 996 $aStoria, psicologia, psicoanalisi$9268509 997 $aUNINA LEADER 01004cam0-22003371i-450- 001 990007446770403321 005 20130626114106.0 010 $a2-13-050862-6 035 $a000744677 035 $aFED01000744677 035 $a(Aleph)000744677FED01 035 $a000744677 100 $a20030612d2000----km-y0itay50------ba 101 0 $afre 102 $aFR 105 $ay-------001yy 200 1 $a<>Republique sociale$econtribution a l'etude de la question democratique en France$fMichel Borgetto, Robert Lafore 210 $aParis$cPresses Universitaires de France$d2000 215 $a367 p.$d21 cm 225 1 $a<>politique éclatée 610 0 $aDemocrazia$aFrancia 676 $a321.860944$v19$zita 700 1$aBorgetto,$bMichel$0238276 701 1$aLafore,$bRobert$042552 801 0$aIT$bUNINA$gRICA$2UNIMARC 901 $aBK 912 $a990007446770403321 952 $aII G 179$b37099$fFSPBC 959 $aFSPBC 996 $aRepublique sociale$9678872 997 $aUNINA